000 00497nam a2200157 4500
001 131921
003 ES-MaACL
005 20230906194055.0
007 t|
008 070214s1903 sp r ||||1| spa d
100 1 _aRodríguez-Navas, Manuel.
_9131977
245 1 0 _aAnálisis etimológico de raíces, afijos y desinencias de la lengua española /
_cpor M. Rodríguez Navas.
260 _aMadrid :
_bViuda e hijos de M. Tello,
_c1903.
300 _a212 p. ;
_c25 cn.
852 _aES-MaACL
_jB-4822
999 _c131921
_d131921